New Testament Theology (Record no. 14975)

MARC details
000 -LEADER
fixed length control field 00609nam a2200241 a 4500
020 ## - INTERNATIONAL STANDARD BOOK NUMBER
ISBN 9798173625168
082 00 - DEWEY DECIMAL CLASSIFICATION NUMBER
Classification number 230.025
Author Cutter GUT
100 ## - MAIN ENTRY--AUTHOR NAME
Author name Guthrie, Donald
245 ## - TITLE STATEMENT
Title New Testament Theology
260 ## - PUBLICATION, DISTRIBUTION, ETC. (IMPRINT)
Place of publication Sec-Bad
Name of publisher Authentic Books
Year of publication 2006
300 ## - PHYSICAL DESCRIPTION
Number of Pages 1064p
500 ## - GENERAL NOTE
General note includes index and biblioraphy
505 2# - FORMATTED CONTENTS NOTE
Formatted contents note Bibliography, Indices
650 ## - SUBJECT ADDED ENTRY--TOPICAL TERM
Topical Term Theology-New Testament
942 ## - ADDED ENTRY ELEMENTS (KOHA)
Koha item type Books
700 1# -
-- Guthrie, Donald
Holdings
Collection code Home library Current library Date acquired Cost, normal purchase price Full call number Accession Number Koha item type
  Henry Martyn Institute Library Henry Martyn Institute Library 04/13/2010 549.00 230.025 GUT 023260 Books
                   Copyright © 2026 | Henry Martyn Institute | Hyderabad | TS-500052 | INDIA | Implemented by hmi.edu.in
Hit-Count:

Powered by Koha